Every Renault F1 Driver - Statistics

General Stats
  • This quiz has been taken 94 times
  • The average score is 16 of 21
Answer Stats
Debut With Team Nationality Answer % Correct
2003 Spain Fernando Alonso
99%
2016 Denmark Kevin Magnussen
99%
2019 Australia Daniel Ricciardo
98%
2020 France Esteban Ocon
96%
2010 Poland Robert Kubica
95%
2017 Spain Carlos Sainz Jr
94%
2017 Germany Nico Hülkenberg
93%
1981 France Alain Prost
91%
2004 Canada Jacques Villeneuve
91%
2005 Italy Giancarlo Fisichella
88%
2002 Italy Jarno Trulli
84%
2007 Finland Heikki Kovalainen
83%
2010 Russia Vitaly Petrov
78%
2008 Brazil Nelson Piquet Jr
75%
1979 France René Arnoux
71%
2016 United Kingdom Jolyon Palmer
69%
2002 United Kingdom Jenson Button
68%
1978 France Jean-Pierre Jabouille
54%
1984 France Patrick Tambay
45%
1984 United Kingdom Derek Warwick
29%
1983 United States Eddie Cheever
29%
No matching quizzes found
Score Distribution
Percent of People with Each Score
Percentile by Number Answered
Your Score History
You have not taken this quiz